000 01061cac a2200277 i 4500
003 EG-ScBUE
005 20260414140942.0
008 150805t2004 ua a f b 001 0 eng d
040 _aEG-ScBUE
_beng
_dEG-ScBUE
_cEG-ScBUE
_erda
082 0 4 _a574.52
_bSOI
_222
245 0 0 _aSoil zoology for sustainable development in the 21st century :
_ba Festschrift In honour of Prof. Samir I. Ghabour on the occasion of his 70th birthday /
_cedited By Safwat H. Shakir Hannah, Wafi Z. A. Mikhail.
264 1 _aCairo :
_bS. H. Shakir Hanna :
_bW. Z. A. Mikhaïl,
_c[2004]
264 4 _cc2004
300 _axxxi, 526 pages :
_billustrations ;
_c25 cm
336 _2rdacontent
_atext
_btxt
337 _aunmediated
_2rdamedia
_bn
338 _avolume
_bnc
_2rdacarrier
504 _aIncludes bibliographical references and index.
650 7 _aSoil biology.
_2BUEsh
650 7 _aSoil animals.
_2BUEsh
651 _2BUEsh
655 _vReading book
_934232
700 1 _aHanna, safwat h.shakir.
_eeditor.
700 1 _aMikhail, Wafai Z. A.,
_eeditor.
942 _cBB
_2ddc
999 _c10029
_d10029